| 000 | 00463nam a2200157Ia 4500 | ||
|---|---|---|---|
| 003 | GCL | ||
| 008 | 140319s9999 xx 000 0 ara d | ||
| 040 |
_aGCL / _cGCL |
||
| 082 | 0 | 4 |
_aد _b050 |
| 100 | 1 | _aمحمد السيد ايوب | |
| 245 | 1 | 0 |
_aاليمن بين القات و فساد الحكم قبل الثورة (اقرا 246 ) / _cمحمد السيد ايوب |
| 300 | _a112 | ||
| 490 |
_aاقرأ _v0 |
||
| 650 | 0 | 4 | _aالمخدرات |
| 942 |
_2ddc _cBK |
||
| 999 |
_c48782 _d48782 |
||